| 000 | 00444nam a2200109Ia 4500 | ||
|---|---|---|---|
| 008 | 220216s9999 xx 000 0 und d | ||
| 100 | _aSchmincke K H | ||
| 245 | 0 | _aOpportunities and constraints of rubberwood development in Africa | |
| 260 |
_bIn: Proceedings of the International Forum on Investment Opportunities in the Rubberwood Industry, Kuala Lumpur, Malaysia, 20-22 September 1993, p. 254-263 _c1993 |
||
| 650 | _aRubberwood | ||
| 942 | _cJS | ||
| 999 |
_c64400 _d64400 |
||